Poster Open Access
Jablotschkin, Sarah; Benz, Nele; Zinsmeister, Heike
<?xml version='1.0' encoding='UTF-8'?>
<record xmlns="http://www.loc.gov/MARC21/slim">
<leader>00000nam##2200000uu#4500</leader>
<datafield tag="542" ind1=" " ind2=" ">
<subfield code="l">open</subfield>
</datafield>
<datafield tag="700" ind1=" " ind2=" ">
<subfield code="a">Benz, Nele</subfield>
<subfield code="u">Universität Hamburg</subfield>
</datafield>
<datafield tag="700" ind1=" " ind2=" ">
<subfield code="a">Zinsmeister, Heike</subfield>
<subfield code="u">Universität Hamburg</subfield>
</datafield>
<datafield tag="540" ind1=" " ind2=" ">
<subfield code="u">https://creativecommons.org/licenses/by/4.0/legalcode</subfield>
<subfield code="a">Creative Commons Attribution 4.0 International</subfield>
</datafield>
<datafield tag="980" ind1=" " ind2=" ">
<subfield code="a">poster</subfield>
</datafield>
<datafield tag="520" ind1=" " ind2=" ">
<subfield code="a"><p>This poster presents our evaluation of a neural coreference resolver (Schr&ouml;der et al. 2021) on simplified German texts as well as the results of an annotation study that we conducted in order to analyse error sources.</p>
<p>The underlying corpus can be found on Zenodo: <a href="https://doi.org/10.5281/zenodo.3626763">https://doi.org/10.5281/zenodo.3626763</a></p></subfield>
</datafield>
<controlfield tag="005">20230524143011.0</controlfield>
<datafield tag="024" ind1=" " ind2=" ">
<subfield code="a">10.25592/uhhfdm.12252</subfield>
<subfield code="2">doi</subfield>
</datafield>
<datafield tag="856" ind1="4" ind2=" ">
<subfield code="y">Conference website</subfield>
<subfield code="u">https://dgfs2023.uni-koeln.de/</subfield>
</datafield>
<datafield tag="500" ind1=" " ind2=" ">
<subfield code="a">This research was conducted within the scope of transfer project T1 "Information density and linguistic encoding of 'Leichte Sprache' (IDeaLite)" of SFB 1102, which has been funded by Deutsche Forschungsgemeinschaft (DFG, German Research Foundation). Project number: 232722074</subfield>
</datafield>
<datafield tag="260" ind1=" " ind2=" ">
<subfield code="c">2023-05-24</subfield>
</datafield>
<datafield tag="711" ind1=" " ind2=" ">
<subfield code="a">45. Jahrestagung der Deutschen Gesellschaft für Sprachwissenschaft</subfield>
<subfield code="c">Cologne, Germany</subfield>
<subfield code="d">07-10 March 2023</subfield>
<subfield code="g">DGfS 2023</subfield>
<subfield code="n">CL Poster Session</subfield>
<subfield code="p">II</subfield>
</datafield>
<controlfield tag="001">12252</controlfield>
<datafield tag="650" ind1="1" ind2="7">
<subfield code="a">cc-by</subfield>
<subfield code="2">opendefinition.org</subfield>
</datafield>
<datafield tag="909" ind1="C" ind2="O">
<subfield code="o">oai:fdr.uni-hamburg.de:12252</subfield>
<subfield code="p">user-uhh</subfield>
</datafield>
<datafield tag="245" ind1=" " ind2=" ">
<subfield code="a">Evaluation of neural coreference annotation of simplified German</subfield>
</datafield>
<datafield tag="773" ind1=" " ind2=" ">
<subfield code="a">10.25592/uhhfdm.12251</subfield>
<subfield code="i">isVersionOf</subfield>
<subfield code="n">doi</subfield>
</datafield>
<datafield tag="856" ind1="4" ind2=" ">
<subfield code="s">1787385</subfield>
<subfield code="u">https://www.fdr.uni-hamburg.de/record/12252/files/DGfS_2023_Poster_LeiKo_c2f_Evaluation.pdf</subfield>
<subfield code="z">md5:1859674c9e12aff644657252e83a3008</subfield>
</datafield>
<datafield tag="041" ind1=" " ind2=" ">
<subfield code="a">eng</subfield>
</datafield>
<datafield tag="653" ind1=" " ind2=" ">
<subfield code="a">Leichte Sprache</subfield>
</datafield>
<datafield tag="653" ind1=" " ind2=" ">
<subfield code="a">einfache Sprache</subfield>
</datafield>
<datafield tag="653" ind1=" " ind2=" ">
<subfield code="a">LeiKo</subfield>
</datafield>
<datafield tag="653" ind1=" " ind2=" ">
<subfield code="a">corpus</subfield>
</datafield>
<datafield tag="653" ind1=" " ind2=" ">
<subfield code="a">coreference resolution</subfield>
</datafield>
<datafield tag="653" ind1=" " ind2=" ">
<subfield code="a">German</subfield>
</datafield>
<datafield tag="653" ind1=" " ind2=" ">
<subfield code="a">simplified language</subfield>
</datafield>
<datafield tag="653" ind1=" " ind2=" ">
<subfield code="a">easy-to-read</subfield>
</datafield>
<datafield tag="653" ind1=" " ind2=" ">
<subfield code="a">Easy German</subfield>
</datafield>
<datafield tag="653" ind1=" " ind2=" ">
<subfield code="a">Plain German</subfield>
</datafield>
<datafield tag="653" ind1=" " ind2=" ">
<subfield code="a">Deutsch</subfield>
</datafield>
<datafield tag="100" ind1=" " ind2=" ">
<subfield code="a">Jablotschkin, Sarah</subfield>
<subfield code="u">Universität Hamburg</subfield>
</datafield>
<datafield tag="980" ind1=" " ind2=" ">
<subfield code="a">user-uhh</subfield>
</datafield>
<datafield tag="999" ind1="C" ind2="5">
<subfield code="x">Sarah Jablotschkin, Nele Benz & Heike Zinsmeister (2023): Evaluation of neural coreference annotation of simplified German. Posterpräsentation auf der Computational Linguistics Poster Session im Rahmen der 45. Jahrestagung der Deutschen Gesellschaft für Sprachwissenschaft (DGfS) in Köln.</subfield>
</datafield>
</record>